| 000 | 00544nam a22002057a 4500 | ||
|---|---|---|---|
| 003 | OSt | ||
| 005 | 20140311163201.0 | ||
| 008 | 131011t xxu||||| |||| 00| 0 eng d | ||
| 020 | _a9780590988254 | ||
| 050 |
_aPZ 7 _b.Os81m8 1997 |
||
| 100 |
_aOsborne, Mary Pope _95061 |
||
| 245 |
_aMidnight on the Moon / _cMary Pope Osborne. |
||
| 260 |
_aNew York : _bRandom House, _c1997. |
||
| 300 |
_a70 p. : _bill. ; _c20 cm. |
||
| 521 | _aG2 | ||
| 526 | _c320 | ||
| 650 |
_aFiction _v Primary school _928241 |
||
| 942 |
_2lcc _cBK |
||
| 999 |
_c42492 _d42492 |
||